000
00250nam a2200121Ia 4500
100
_a
Trewman/H.F
942
_c
BK
654
_a
Mechanical
245
_a
Mechnical Inspection
260
_b
Pitman &sons
_c
2001
082
_a
620.004
546
_a
ENGLISH
999
_c
31377
_d
31377